000
00327pab a2200145 454500
008
180718b1999 xxu||||| |||| 00| 0 eng d
100
_a
Mustafa, Seema
245
_a
This president is no rubber stamp
260
_c
1999
300
_a
p.12
362
_a
7 Aug
650
_a
Presidents
773
_a
Asian Age
909
_a
43268
999
_c
43268
_d
43268